000 00504nam a22001817a 4500
003 KOHA_MİRAKIL
005 20251219102114.0
008 251219b tu ||||| |||| 00| 0 tur d
020 _a9786051365770
040 _aTR-AnABB
_btur
_cTR-AnABB
041 _atur
082 _a951.249
_bTUR 2022
245 1 0 _aTürkiye'de Tayvan çalışmaları - III
260 _aAnkara :
_bAnkara Üniversitesi Yayınları,
_c2022
300 _a348 sayfa :
_c24 cm
650 0 4 _aTarih, Tayvan
942 _2ddc
_cBK
999 _c9789
_d9789
900 _bGizem YORULMAZ